000 00438nam a2200157Ia 4500
003 GCL
008 140319s9999 xx 000 0 eng d
040 _aGCL /
_cGCL
082 0 4 _a791.4375
_bD F
100 1 _aDAVIES,ANTHONY
245 1 0 _aFILMING SHAKESPEARE'S PLAYS /
_cDAVIES,ANTHONY
260 _a[S.N] :
_bCOMBRIDGE UNIVERSITY PRESS ،
_c1990
650 0 4 _aHISTORY AND CRITICISM
650 0 4 _aSHAKESPEARE, WILLIAM
942 _2ddc
_cBK
999 _c24338
_d24338